[Event "6th Mayors Cup 2013"]
[Site "Mumbai IND"]
[Date "2013.06.05"]
[Round "10"]
[White "Narayanan,SL"]
[Black "Ramakrishna,J"]
[Result "1-0"]
[WhiteElo "2396"]
[BlackElo "2253"]

1.d4 Nf6 2.c4 e6 3.Nf3 b6 4.g3 Ba6 5.Qc2 c6 6.e4 d5 7.cxd5 Bxf1 8.Kxf1 cxd5
9.e5 Ne4 10.Nbd2 Nxd2+ 11.Bxd2 Be7 12.Kg2 O-O 13.h4 h6 14.Rac1 a5 15.Qd3 Qd7
16.Ng5 g6 17.Nf3 Kg7 18.Rc2 Na6 19.a3 Rfc8 20.Rxc8 Qxc8 21.Qe3 Qh8 22.Rc1 Ra7
23.Rc6 Rb7 24.Nh2 Nb8 25.Rc1 Nd7 26.Qd3 a4 27.Ng4 h5 28.Nh2 b5 29.Nf3 Qe8
30.Ng5 Nb6 31.g4 Nc4 32.gxh5 Nxd2 33.Qxd2 Qh8 34.Qf4 Bd8 35.hxg6 Bxg5 36.hxg5 Kxg6
37.Rh1 Qd8 38.Rh6+ Kg7 39.Qh4 b4 40.Rh7+ Kg6 41.Qh5+ Kf5 42.g6+ Ke4 43.g7 bxa3
44.Qg4+ Kd3 45.bxa3  1-0

[Event "6th Mayors Cup 2013"]
[Site "Mumbai IND"]
[Date "2013.06.06"]
[Round "11"]
[White "Rajesh,VA"]
[Black "Papin,V"]
[Result "0-1"]
[WhiteElo "2343"]
[BlackElo "2552"]

1.d4 Nf6 2.c4 e6 3.Nf3 b6 4.g3 Ba6 5.Qa4 Bb7 6.Bg2 c5 7.dxc5 bxc5 8.O-O Be7
9.Nc3 O-O 10.Rd1 d6 11.Bf4 Qb6 12.Rd2 h6 13.Qb5 Qc7 14.Rad1 e5 15.Be3 a6
16.Qa4 Nc6 17.Ne1 Nd4 18.f3 Bc6 19.Qa3 Qb7 20.Bf2 Rfb8 21.Nc2 a5 22.Ne3 a4
23.Ned5 Nxd5 24.Nxd5 Bd8 25.e3 Nb3 26.Re2 Na5 27.Qc3 Nxc4 28.Qxc4 Bb5 29.Qc2 Bxe2
30.Qxe2 Qxb2 31.Qc4 Qb5 32.Qxb5 Rxb5 33.f4 Rab8 34.fxe5 Rb1 35.Rxb1 Rxb1+
36.Bf1 dxe5 37.e4 c4 38.Kg2 Rc1 39.Be3 Rc2+ 40.Kf3 Rxa2 41.Nc3 Rxh2 42.Bg2 a3
43.Bc5 Ba5 44.Na2 f5 45.exf5 Be1 46.Bf1 Kh8 47.Be2 e4+ 48.Ke3 Bf2+ 49.Kxe4 Bxc5
50.Bxc4 Bd6 51.Kf3 Rh3  0-1

[Event "3rd Women Masters"]
[Site "Wuxi CHN"]
[Date "2013.06.09"]
[Round "9.2"]
[White "Guo Qi"]
[Black "Javakhishvili,L"]
[Result "1/2-1/2"]
[WhiteElo "2439"]
[BlackElo "2464"]

1.d4 Nf6 2.c4 e6 3.Nf3 b6 4.g3 Ba6 5.Qc2 Bb4+ 6.Bd2 Be7 7.e4 d5 8.cxd5 Bxf1
9.Kxf1 exd5 10.e5 Ne4 11.Nc3 Nxc3 12.bxc3 Qd7 13.Kg2 Nc6 14.c4 Rd8 15.Rhd1 O-O
16.Rac1 Ba3 17.Rb1 Be7 18.Rbc1 Ba3 19.cxd5 Ne7 20.d6 cxd6 21.Rb1 dxe5 22.dxe5 Qc6
23.Qb3 Bc5 24.Bg5 h6 25.Bxe7 Bxe7 26.Rbc1 Bc5 27.h4 a5 28.Qc4 Rfe8 29.h5 Rxd1
30.Rxd1 Rxe5 31.Rd8+ Re8 32.Rd5 Qf6 33.a4 Qb2 34.Nd2 Qb4 35.Qxb4 axb4 36.Nb3 Bf8
37.Rb5 Re6 38.Nd4 Rf6 39.Nc2 Bc5 40.f3 Rd6 41.Nxb4 Rd4 42.Na6 Rd2+ 43.Kh3 Bg1
44.a5 bxa5 45.Rxa5 Rh2+ 46.Kg4 g6 47.hxg6 fxg6 48.Ra1 Be3 49.f4 Bd4  1/2-1/2

[Event "2nd Grand Europe Open 2013"]
[Site "Golden Sands BUL"]
[Date "2013.06.11"]
[Round "2.9"]
[White "Parligras,M"]
[Black "Stany,G"]
[Result "1/2-1/2"]
[WhiteElo "2565"]
[BlackElo "2384"]

1.d4 Nf6 2.c4 e6 3.Nf3 b6 4.g3 Ba6 5.Nbd2 Bb4 6.a3 Bxd2+ 7.Nxd2 Bb7 8.f3 d5
9.b4 a5 10.Bb2 Nc6 11.b5 Ne7 12.a4 c6 13.e3 Rc8 14.Be2 dxc4 15.Bxc4 O-O 16.e4 Ne8
17.O-O Nd6 18.Bd3 cxb5 19.axb5 Qd7 20.Qe2 Rc7 21.Rae1 Rfc8 22.Ba1 Ba8 23.h4 Rd8
24.h5 h6 25.g4 Ndc8 26.f4 f5 27.gxf5 exf5 28.exf5 Nxf5 29.Bc4+ Bd5 30.Bxd5+ Qxd5
31.Qg4 Re7 32.Rxe7 Ncxe7 33.Re1 Qf7 34.d5 Nxd5 35.Nc4 Nde7 36.Ne5 Qd5 37.Nf3 Qc5+
38.Kh1 Rd3 39.Rxe7 Qxe7 40.Qxf5 Rd1+ 41.Kg2 Rxa1 42.Qc8+ Qf8 43.Qe6+ Qf7
44.Qc8+ Kh7 45.Qc2+ g6 46.Qe4 Rc1 47.Ne5 Qa2+ 48.Kh3 Rc3+ 49.Nd3 Rxd3+ 50.Qxd3 Qe6+
51.Kh2 Qa2+  1/2-1/2

[Event "2nd Grand Europe Open 2013"]
[Site "Golden Sands BUL"]
[Date "2013.06.12"]
[Round "3.33"]
[White "Pettersson,Anders1"]
[Black "Virovlansky,S"]
[Result "0-1"]
[WhiteElo "2279"]
[BlackElo "2432"]

1.d4 Nf6 2.c4 e6 3.Nf3 b6 4.g3 Ba6 5.Nbd2 Bb7 6.Bg2 c5 7.e4 cxd4 8.e5 Ng4
9.h3 Nxe5 10.O-O Nxf3+ 11.Nxf3 Be7 12.Qxd4 O-O 13.Rd1 d6 14.Qd3 Nd7 15.Bf4 Nc5
16.Qc2 Qc7 17.b4 Nd7 18.Rac1 Rfd8 19.h4 Rac8 20.Ng5 Nf6 21.Qe2 Bxg2 22.Kxg2 Qb7+
23.Kg1 h6 24.Nf3 d5 25.b5 dxc4 26.Rxd8+ Rxd8 27.Rxc4 Bc5 28.Ne5 a6 29.Nc6 Ra8
30.a4 axb5 31.axb5 Ra1+ 32.Kg2 Qd7 33.Be5 Qd5+ 34.f3 Rb1 35.Rc3 Ng4 36.Rd3 Rg1+
37.Kh3 Qxd3  0-1

[Event "1st Golden Apricot 2013"]
[Site "Malatya TUR"]
[Date "2013.06.12"]
[Round "5"]
[White "Morchiashvili,B"]
[Black "Bagaturov,G"]
[Result "1/2-1/2"]
[WhiteElo "2393"]
[BlackElo "2444"]

1.d4 Nf6 2.c4 e6 3.Nf3 b6 4.g3 Ba6 5.b3 Bb4+ 6.Bd2 Be7 7.Bg2 c6 8.O-O O-O
9.Qc2 d5 10.Bf4 Nbd7 11.Nc3 Rc8 12.Rfd1 Nh5 13.Bc1 Nhf6 14.Bf4 Nh5 15.Bc1 Nhf6
16.Bf4 Nh5 17.Bc1 Nhf6  1/2-1/2

[Event "7th Srebrno Jezero Open 2013"]
[Site "Srebrno jezero SRB"]
[Date "2013.06.14"]
[Round "1.8"]
[White "Novakovic,Slo"]
[Black "Rajkovic,Du"]
[Result "0-1"]
[WhiteElo "2208"]
[BlackElo "2386"]

1.d4 Nf6 2.Nf3 e6 3.c4 b6 4.g3 Ba6 5.Qa4 Bb7 6.Bg2 c5 7.O-O Be7 8.Nc3 cxd4
9.Nxd4 Bxg2 10.Kxg2 Qc7 11.Rd1 O-O 12.Kg1 Rc8 13.b3 a6 14.Rd3 Qb7 15.Bb2 d6
16.Ba3 Nbd7 17.Bb4 Nc5 18.Bxc5 Rxc5 19.Nd1 d5 20.cxd5 Nxd5 21.e4 b5 22.Qa5 b4
23.Qxc5 Bxc5 24.exd5 Qxd5 25.Ne3 Qe4 26.Rad1 Rd8 27.f3 Qe5 28.Nc4 Rxd4  0-1

[Event "72nd ch-GEO 2013"]
[Site "Tbilisi GEO"]
[Date "2013.06.16"]
[Round "5.4"]
[White "Nigalidze,G"]
[Black "Mchedlishvili,M"]
[Result "1-0"]
[WhiteElo "2456"]
[BlackElo "2637"]

1.d4 Nf6 2.Nf3 e6 3.c4 b6 4.g3 Ba6 5.b3 d5 6.Bg2 Bb4+ 7.Bd2 Be7 8.cxd5 exd5
9.O-O O-O 10.Nc3 Bb7 11.Bf4 Na6 12.Qd2 Qc8 13.Rac1 Rd8 14.Qe3 Re8 15.Ne5 c5
16.Rfd1 Qe6 17.Nc4 Qc8 18.Qf3 Qe6 19.Be5 Ne4 20.Nxe4 dxe4 21.Qh5 Rad8 22.Bh3 Qg6
23.Qxg6 hxg6 24.dxc5 Nxc5 25.Nd6 Bxd6 26.Rxd6 f5 27.g4 Bc8 28.Rxd8 Rxd8 29.b4 Ne6
30.gxf5 Ng5 31.Bg2 Bxf5 32.h4 Ne6 33.e3 Rd2 34.a3 Ra2 35.Rc3 g5 36.hxg5 Nxg5
37.Rc7 Nf7 38.Bd4 Rxa3 39.Bf1 Kf8 40.Bc4 Nd6 41.Bd5 g6 42.Bf6  1-0

[Event "7th Srebrno Jezero Open 2013"]
[Site "Srebrno jezero SRB"]
[Date "2013.06.17"]
[Round "6.5"]
[White "Mladenovic,St"]
[Black "Rajkovic,Du"]
[Result "1/2-1/2"]
[WhiteElo "2299"]
[BlackElo "2386"]

1.d4 Nf6 2.Nf3 e6 3.c4 b6 4.g3 Ba6 5.Qc2 Bb7 6.Bg2 Bb4+ 7.Bd2 c5 8.Bxb4 cxb4
9.Nbd2 a5 10.e4 d6 11.O-O Nfd7 12.Rad1 e5 13.dxe5 dxe5 14.c5 O-O 15.Nc4 bxc5
16.Nfxe5 Qc7 17.Ng4 Nc6 18.Nce3 Ne7 19.Nd5 Nxd5 20.exd5 Rac8 21.Qf5 Qd6 22.Be4 Qg6
23.Qxd7 Qxe4 24.Qxb7 Qxg4 25.d6 c4 26.d7 Rcd8 27.Rfe1 h5 28.Qe4 c3 29.bxc3 bxc3
30.Qxg4 hxg4 31.Rd5 f6 32.Rc1 Rf7 33.Rxc3 Rfxd7 34.Rxa5 g6 35.Rc6 Rd6 36.Rxd6 Rxd6
37.Ra7 Rd2 38.a4 Ra2 39.a5 Kf8 40.a6 Kg8 41.Kg2 Kf8 42.h3 gxh3+ 43.Kxh3 Ra4
44.Kg2 Ra3 45.Kf1 Ra2 46.Ke1 Ke8 47.Ra8+ Kf7 48.Kd1 Ke6 49.a7 Kf5 50.f3 Kg5
51.Kc1 Kf5 52.Kb1 Ra6 53.Kb2 Ra5 54.Kc3 Ra4 55.Kb3 Ra1 56.Kc4 Ra5 57.Kb4 Ra1
58.Kb5 Ra3 59.Kc6 Ra1 60.Kd6 Ra3 61.Ke7 Ra6 62.Kf7 Kg5 63.Kg7 Ra3 64.Kh7 Ra6
65.Rg8 Rxa7+ 66.Rg7 Rxg7+ 67.Kxg7 f5 68.f4+ Kh5 69.Kf7 Kh6 70.Kg8 g5 71.Kf7 gxf4
72.gxf4 Kh7 73.Kf6 Kg8  1/2-1/2

[Event "TCh-SUI 2013"]
[Site "Switzerland SUI"]
[Date "2013.06.22"]
[Round "4.8"]
[White "Grandadam,N"]
[Black "Salzgeber,F"]
[Result "1/2-1/2"]
[WhiteElo "2344"]
[BlackElo "2186"]

1.Nf3 Nf6 2.c4 e6 3.d4 b6 4.g3 Ba6 5.Qc2 c5 6.Bg2 Nc6 7.dxc5 Bxc5 8.a3 Bb7
9.O-O Be7 10.Rd1 O-O 11.Nc3 Qb8 12.b3 Rd8 13.Bf4 d6 14.h3 h6 15.g4 Nh7 16.Rd2 Ng5
17.Bxg5 hxg5 18.Ne4 f6 19.Ng3 Bf8 20.Rad1 Qc7 21.Nh5 Qf7 22.Nd4 Nxd4 23.Rxd4 Bxg2
24.Kxg2 Rac8 25.Qd3 Qb7+ 26.e4 Rc5 27.Ng3 b5 28.b4 Rxc4 29.Rxc4 bxc4 30.Qxc4 Kf7
31.Rc1 d5 32.exd5 Rxd5 33.Qe4 Qd7 34.Rc3 Bd6 35.Nh5 g6 36.Ng3 Be5 37.Rf3 Bxg3
38.Kxg3 Rd4 39.Qe5 f5 40.Qh8 Qd6+ 41.Kg2 Qd5 42.Qh7+ Kf6 43.gxf5 exf5 44.Qh8+ Kf7
45.Qh7+ Kf6 46.Qh8+ Kf7  1/2-1/2

[Event "TCh-MNE Prem 2013"]
[Site "Cetinje MNE"]
[Date "2013.06.25"]
[Round "2.5"]
[White "Lekic,Du"]
[Black "Potpara,N"]
[Result "1-0"]
[WhiteElo "2430"]
[BlackElo "2236"]

1.d4 Nf6 2.c4 e6 3.Nf3 b6 4.g3 Ba6 5.b3 Bb4+ 6.Bd2 Be7 7.Bg2 c6 8.O-O d5
9.Qc2 O-O 10.Rd1 Nbd7 11.a4 Ne4 12.Be1 f5 13.a5 b5 14.cxd5 Rc8 15.dxe6 Ndf6
16.Nc3 Qd6 17.Nxe4 Nxe4 18.b4 Qxe6 19.Qa2 Qxa2 20.Rxa2 Rfd8 21.Rc1 Bf6 22.e3 Rc7
23.Rac2 Bb7 24.Nd2 Re7 25.Nb3 g6 26.a6 Ba8 27.Na5 Re6 28.Nxc6 Rdd6 29.Nxa7 Rxa6
30.Nxb5 Rec6 31.Rxc6 Bxc6 32.Nc3 Rb6 33.Nxe4 fxe4 34.Bf1  1-0

[Event "9th Prague Festival Open A"]
[Site "Prague CZE"]
[Date "2013.06.26"]
[Round "5.14"]
[White "Hollan,Petr"]
[Black "Green,Per"]
[Result "1-0"]
[WhiteElo "1917"]
[BlackElo "1967"]

1.Nf3 Nf6 2.d4 e6 3.c4 b6 4.g3 Ba6 5.Qc2 Bb7 6.Bg2 c5 7.e3 Nc6 8.O-O Be7
9.Qd1 d5 10.Ne5 O-O 11.Nc3 cxd4 12.exd4 Rc8 13.Bg5 dxc4 14.Nb5 Na5 15.Bxb7 Nxb7
16.Nxa7 Rc7 17.Nac6 Qd5 18.Nxe7+ Rxe7 19.h4 Rd8 20.Ng4 Qf5 21.Bxf6 gxf6 22.Nh6+  1-0

[Event "8th Vladimir Dvorkovich Cup"]
[Site "Moscow RUS"]
[Date "2013.06.27"]
[Round "3.1"]
[White "Xu,Yinglun"]
[Black "Antipov,M2"]
[Result "1-0"]
[WhiteElo "2307"]
[BlackElo "2478"]

1.d4 Nf6 2.c4 e6 3.Nf3 b6 4.g3 Ba6 5.b3 Bb7 6.Bg2 Bb4+ 7.Bd2 a5 8.O-O O-O
9.a3 Be7 10.Nc3 d5 11.Ne5 c5 12.dxc5 bxc5 13.Rc1 Na6 14.Nd3 Rb8 15.Bf4 Rc8
16.Be5 Bc6 17.cxd5 exd5 18.Bxf6 Bxf6 19.Nf4 Bxc3 20.Rxc3 d4 21.Rc4 Bxg2 22.Kxg2 Re8
23.Qc2 Rc7 24.h4 Rce7 25.Re1 h6 26.Qd3 Qa8+ 27.Kg1 Qe4 28.Qxe4 Rxe4 29.Ra4 g5
30.hxg5 hxg5 31.Nd3 Rb8 32.Rxa5 Rxb3 33.Nxc5 Nxc5 34.Rxc5 g4 35.Rc4 Rxa3
36.e3 Rd3 37.Rb1 Rd2 38.Rbb4 Kg7 39.Rxd4 Rdxd4 40.Rxd4 Rxd4 41.exd4 Kf6 42.f4 Ke6
43.Kf2 f5 44.Ke3 Kd6  1-0

[Event "TCh-MNE Prem 2013"]
[Site "Cetinje MNE"]
[Date "2013.06.28"]
[Round "5.2"]
[White "Blagojevic,Dr"]
[Black "Kovacevic,A"]
[Result "1/2-1/2"]
[WhiteElo "2524"]
[BlackElo "2557"]

1.d4 Nf6 2.c4 e6 3.Nf3 b6 4.g3 Ba6 5.b3 Bb4+ 6.Bd2 Be7 7.Bg2 d5 8.cxd5 exd5
9.Nc3 O-O 10.O-O Re8 11.Rc1 Nbd7 12.Bf4 c6 13.Ne1 Nh5 14.Bd2 Bb4 15.Nd3 Bd6
16.Re1 Bxd3 17.exd3 Nhf6 18.Ne2 Rc8 19.Bh3 Rc7 20.Kg2 Nf8 21.Ng1 h6 22.Nf3 Ng6
23.Rc2 a5 24.Qc1 Rxe1 25.Qxe1 Qe8 26.Qc1 Nh7 27.Be3 Nf6 28.Kg1 Nh7 29.Kg2 Nf6
30.Kg1 Nh7  1/2-1/2

[Event "Visma IMB 2013"]
[Site "Vaxjo SWE"]
[Date "2013.06.28"]
[Round "5.1"]
[White "Lindgren,P"]
[Black "Pileckis,E"]
[Result "0-1"]
[WhiteElo "2276"]
[BlackElo "2467"]

1.d4 Nf6 2.c4 e6 3.Nf3 b6 4.g3 Ba6 5.Qc2 c5 6.d5 exd5 7.cxd5 g6 8.Bg2 Bg7
9.O-O O-O 10.Nc3 d6 11.a4 Nbd7 12.Nd2 Qe7 13.Re1 Ne5 14.Nb5 Bb7 15.Qb3 Rfc8
16.Nc4 Nxc4 17.Qxc4 a6 18.Na3 b5 19.axb5 axb5 20.Qxb5 Bxd5 21.Qd3 c4 22.Qc2 Bxg2
23.Kxg2 Nd5 24.Bd2 Qb7 25.e4 Nb4 26.Bxb4 Qxb4 27.Rab1 c3 28.Rec1 Rc5 29.bxc3 Qxa3
30.Ra1 Qxa1 31.Rxa1 Rxa1 32.Qb2 Ra8 33.Qb7 Rac8 34.Qd7 Bf8 35.f4 Rxc3 36.e5 dxe5
37.fxe5 R8c6 38.h4 Re6 39.h5 Rxe5 40.hxg6 hxg6 41.Kh3 Rh5+ 42.Kg4 Rc4+ 43.Kf3 Rg5
44.Kg2 Rcg4 45.Kh2 Rxg3 46.Qd8 R3g4  0-1

[Event "IsBank TCh-TUR 2013"]
[Site "Denizli TUR"]
[Date "2013.06.29"]
[Round "1.5"]
[White "Buker,M"]
[Black "Ertan,C"]
[Result "1/2-1/2"]
[WhiteElo "2072"]
[BlackElo "2277"]

1.d4 Nf6 2.c4 e6 3.Nf3 b6 4.g3 Ba6 5.b3 Bb4+ 6.Bd2 Be7 7.Bg2 O-O 8.O-O d5
9.Bc3 Nbd7 10.Nbd2 Rc8 11.Re1 c5 12.Rc1 cxd4 13.Bxd4 Ba3 14.Rc2 Qc7 15.Qa1 Bd6
16.Rcc1 dxc4 17.Nxc4 Bc5 18.Bb2 Bb7 19.Red1 Ne4 20.e3 Ndf6 21.b4 Bxb4 22.Nd6 Qxc1
23.Rxc1 Bxd6 24.Ng5 Bd5 25.h4 Rxc1+ 26.Qxc1 Bc5 27.Qc2 Nxg5 28.hxg5 Bxg2
29.Kxg2 Nd5 30.e4 Nb4 31.Qc3 f6 32.a3 Nc6 33.Qb3 Kf7 34.gxf6 gxf6 35.Qd1 Ke7
36.f4 Rd8 37.Qc2 Rd7 38.Kh3 Nd4 39.Qc4 f5 40.exf5 Nxf5 41.Qe4 h5 42.Qe2 a5
43.a4 Rd8 44.Bc3 Rg8 45.Be1 Bd4 46.Qf3 Rd8 47.Qb7+ Rd7 48.Qf3 Rd8 49.Kh2 Ne3
50.Qb7+ Kd6 51.Kh3 Nd5 52.Kg2 Rd7 53.Qb8+ Ke7 54.Bf2 Ne3+ 55.Kf3 Nf5 56.Bxd4 Rxd4
57.Qxb6 Rd3+ 58.Kf2 Rd2+ 59.Ke1 Rd5 60.Qc7+ Kf6 61.Qc3+ Kf7 62.Kf2 Kg6 63.Qc6 Kf7
64.Qc3 Kg6 65.Qc8 Kf7 66.Qh8 Ng7 67.Kg2 Rd3 68.Qh7 Rd5 69.Kh3 Rd4 70.Kh4 Kf6
71.Qg8 Rxa4 72.Qd8+ Kg6 73.Qg5+ Kf7 74.Qb5 Ra3 75.Qc5 Nf5+ 76.Kxh5 Rxg3 77.Qc7+ Kf6
78.Qd8+ Kf7  1/2-1/2

[Event "Visma IMB 2013"]
[Site "Vaxjo SWE"]
[Date "2013.06.29"]
[Round "7.2"]
[White "Kockum,A"]
[Black "Lindgren,P"]
[Result "1-0"]
[WhiteElo "2346"]
[BlackElo "2276"]

1.d4 Nf6 2.Nf3 e6 3.c4 b6 4.g3 Ba6 5.Qc2 c6 6.e4 Bb4+ 7.Bd2 Bxd2+ 8.Nbxd2 d5
9.e5 Nfd7 10.Rc1 O-O 11.Bd3 h6 12.O-O c5 13.cxd5 exd5 14.Rfe1 Re8 15.Bf5 Bb7
16.e6 fxe6 17.Bxe6+ Kh8 18.Nh4 Nf8 19.Ng6+ Nxg6 20.Qxg6 Nd7 21.Bf5 Nf8 22.Qf7 Qf6
23.Qxf6 Rxe1+ 24.Rxe1 gxf6 25.Re7 Bc8 26.Bxc8 Rxc8 27.Nf3 a5 28.Rf7 Nh7 29.Rd7 cxd4
30.Nxd4 Rc1+ 31.Kg2 Ra1 32.Rxd5 Rxa2 33.Rb5 Ng5 34.Rxb6 Kg7 35.Rb7+ Kf8 36.Nf5 h5
37.h4 Ne4 38.g4 a4 39.gxh5 a3 40.h6 Kg8 41.Rg7+  1-0

[Event "22nd Anderssen Mem Eliminacje"]
[Site "Wroclaw POL"]
[Date "2013.06.29"]
[Round "5"]
[White "Moranda,W"]
[Black "Pieniazek,Ar"]
[Result "1-0"]
[WhiteElo "2570"]
[BlackElo "2362"]

1.d4 Nf6 2.c4 b6 3.Nf3 e6 4.g3 Ba6 5.Qc2 c5 6.d5 exd5 7.cxd5 Bb7 8.Bg2 Bxd5
9.Nc3 Bc6 10.e4 d6 11.Bf4 Nh5 12.O-O-O Nxf4 13.gxf4 Qf6 14.Qd2 Nd7 15.e5 Qh6
16.Nd5 O-O-O 17.Ng5 Qg6 18.Be4 Qh5 19.Nxb6+ Nxb6 20.Bxc6 Be7 21.Qa5 Bxg5
22.Qa6+  1-0

[Event "IsBank TCh-TUR 2013"]
[Site "Denizli TUR"]
[Date "2013.06.30"]
[Round "2.5"]
[White "Tsatsalashvili,K"]
[Black "Kinsiz,O"]
[Result "1/2-1/2"]
[WhiteElo "2279"]
[BlackElo "2224"]

1.d4 Nf6 2.Nf3 e6 3.c4 b6 4.g3 Ba6 5.b3 Bb4+ 6.Bd2 Be7 7.Bg2 c6 8.O-O d5
9.Bf4 Nbd7 10.Qc2 Rc8 11.Nc3 O-O 12.Rfd1 Nh5 13.Bc1 f5 14.Bb2 Qe8 15.cxd5 cxd5
16.Rac1 Nhf6 17.Ng5 Bd6 18.Qd2 h6 19.Nh3 g5 20.f4 g4 21.Nf2 h5 22.Na4 Qe7
23.Bf1 h4 24.e3 Bxf1 25.Rxf1 Kf7 26.Kg2 Rxc1 27.Qxc1 Rh8 28.Nc3 a6 29.Nd3 Kg6
30.Ne5+ Bxe5 31.fxe5 Qh7 32.Rh1 hxg3 33.hxg3 Qxh1+ 34.Qxh1 Rxh1 35.Kxh1 Ne4
36.Nxe4 dxe4 37.Bc3 b5 38.Ba5 Nb8 39.Bb6 Nc6 40.Bc5 Kf7 41.Kg2 Ke8 42.Kf2 Kd7
43.Ke2 Nd8 44.Kd2 Nf7 45.Bf8 Kc6 46.Be7 f4 47.gxf4 Nh6 48.Ke2 Nf5 49.Ba3 Kd7
50.Bc1 Ke8 51.Kf2 Kf7 52.Bd2 Kg6 53.Kg2 Kh5 54.Kh2 Kh4 55.d5 exd5 56.e6 Kh5
57.Bb4 Kg6 58.e7 Kf7 59.Bc5 Ke8 60.Kg2 Kd7 61.Kf2 Ke8 62.Kg2 Nxe7 63.Kg3 Nc6
64.Kxg4 Kf7 65.Kf5 a5 66.a3 Ke8 67.a4 bxa4 68.bxa4 Kd7 69.Bb6 Kd6 70.Kg4 d4
71.exd4 Kd5 72.f5 Nxd4  1/2-1/2

[Event "4th AIMAG Men"]
[Site "Incheon KOR"]
[Date "2013.06.30"]
[Round "1.23"]
[White "Farid,F"]
[Black "Ahn,Sungmin"]
[Result "1-0"]
[WhiteElo "2396"]
[BlackElo "1776"]

1.d4 Nf6 2.Nf3 b6 3.c4 e6 4.g3 Ba6 5.Qa4 Bb7 6.Bg2 Be7 7.O-O O-O 8.Bg5 Nh5
9.Bxe7 Qxe7 10.Nc3 f5 11.Qc2 d6 12.e4 Nc6 13.exf5 exf5 14.Rae1 Qd7 15.d5 Na5
16.Nd4 f4 17.Qe2 g6 18.b4 Qg7 19.Qd3 Nxc4 20.Qxc4 Rf7 21.Ne6 Qf6 22.Ne4 Qf5
23.N4g5 Nf6 24.Nxf7 f3 25.Nh6+  1-0

[Event "Visma IMB 2013"]
[Site "Vaxjo SWE"]
[Date "2013.06.30"]
[Round "9.1"]
[White "Kockum,A"]
[Black "Pileckis,E"]
[Result "0-1"]
[WhiteElo "2346"]
[BlackElo "2467"]

1.d4 Nf6 2.Nf3 e6 3.c4 b6 4.g3 Ba6 5.Qc2 c5 6.d5 exd5 7.cxd5 g6 8.Bg2 Bg7
9.O-O O-O 10.Nc3 d6 11.a4 Re8 12.Re1 Nbd7 13.h3 h6 14.Bf4 Qe7 15.Rad1 g5
16.Bc1 Ne4 17.Nxe4 Qxe4 18.Qxe4 Rxe4 19.Nxg5 Rxe2 20.Ne4 Re8 21.Be3 Rxe1+
22.Rxe1 Bf8 23.Rd1 f5 24.Nc3 Ne5 25.Nb5 Bxb5 26.axb5 Nc4 27.b3 Nxe3 28.Re1 f4
29.Bf3 Re7 30.fxe3 fxe3 31.Kf1 Bg7 32.Ke2 Be5 33.Rg1 a6 34.bxa6 Ra7 35.b4 Rxa6
36.bxc5 bxc5 37.Rb1 Bd4 38.Kd3 Ra2 39.Ke4 Ra3 40.Be2 Ra7 41.Bg4 Kf7 42.Bh5+ Ke7
43.Rf1 Ra2 44.Rf7+ Kd8 45.Rf8+ Kc7 46.Rf7+ Kd8 47.Rf8+ Kc7 48.Rf7+ Kb6 49.Re7 Rg2
50.Re6 Kc7 51.Re7+ Kd8 52.Re6 e2 53.Kd3 Be5 54.Bxe2 c4+ 55.Kd2 c3+ 56.Kd1 Rg1+
57.Kc2 Rg2 58.Kd1 c2+ 59.Kxc2 Rxe2+ 60.Kd3 Rg2 61.Rxh6 Rxg3+ 62.Ke4 Ke7 63.Rh7+ Kf6
64.Rh6+ Kg7 65.Re6 Rxh3 66.Re7+ Kf6 67.Re6+ Kg5 68.Rg6+ Kh5 69.Rg5+ Kh6 70.Rg6+ Kh7
71.Rg4 Rh6 72.Kf5 Rf6+ 73.Ke4 Rg6 74.Rh4+ Kg7 75.Kf5 Rf6+ 76.Ke4 Rf1 77.Rg4+ Kf6
78.Rh4 Kg5  0-1

[Event "TCh-MNE Prem 2013"]
[Site "Cetinje MNE"]
[Date "2013.07.01"]
[Round "8.5"]
[White "Potpara,N"]
[Black "Podlesnik,B"]
[Result "1/2-1/2"]
[WhiteElo "2236"]
[BlackElo "2381"]

1.d4 Nf6 2.c4 e6 3.Nf3 b6 4.g3 Ba6 5.Qc2 c5 6.d5 exd5 7.cxd5 Qe7 8.Bg2 Bb7
9.O-O Nxd5 10.a3 Nc6 11.e4 Nc7 12.Nc3 Ne6 13.Nd5 Qd8 14.Rd1 Be7 15.e5 O-O
16.h4 Rb8 17.Be3 Kh8 18.Rd2 Ncd4 19.Nxd4 Nxd4 20.Bxd4 Bxd5 21.Bxd5 cxd4 22.Rxd4 f6
23.exf6 Bxf6 24.Rd2 Rc8 25.Qa4 Qc7 26.Rad1 a5 27.Be4 Qe5 28.Bb1 Be7 29.Qg4 Rce8
30.b4 axb4 31.axb4 Qf6 32.Re2 d6 33.Rd5 Bd8 34.Rh5 h6 35.Rf5 Rxe2 36.Qxe2 Qe7
37.Rxf8+ Qxf8 38.Qe4 Kg8 39.Ba2+ Kh8 40.Bb1 Kg8 41.Ba2+ Kh8 42.h5 Bf6 43.Bb1 Kg8
44.Kg2 Qd8 45.Ba2+ Kh8 46.Bb1 Kg8 47.Ba2+ Kh8 48.Bc4 Qe7 49.Qa8+ Qd8 50.Qd5 Bc3
51.Bd3 Bf6 52.Be4 Qe7 53.Qa8+ Qd8 54.Qd5 Qe7 55.Qf5 Kg8 56.Qh7+ Kf7 57.Bg6+ Ke6
58.Qg8+ Ke5 59.Qc4  1/2-1/2

[Event "IsBank TCh-TUR 2013"]
[Site "Denizli TUR"]
[Date "2013.07.02"]
[Round "4.7"]
[White "Komut,B"]
[Black "Sumer,G"]
[Result "0-1"]
[WhiteElo "1979"]
[BlackElo "1935"]

1.d4 Nf6 2.Nf3 e6 3.c4 b6 4.g3 Ba6 5.b3 Bb4+ 6.Bd2 Be7 7.Bg2 c6 8.Bc3 d5
9.Ne5 Nfd7 10.Nxd7 Nxd7 11.Nd2 O-O 12.O-O f5 13.Re1 Rc8 14.f3 c5 15.cxd5 exd5
16.Nf1 cxd4 17.Bxd4 Bb4 18.Nd2 Qc7 19.a3 Bc3 20.Bxc3 Qxc3 21.Nf1 Nf6 22.e3 Rfe8
23.f4 Bxf1 24.Kxf1 Ng4 25.Qxd5+ Kh8 26.Kg1 Rxe3 27.Red1 Rce8 28.Rf1 Re2 29.Qf3 Qd4+
30.Kh1 Nf2+ 31.Kg1 Nd1+  0-1

[Event "4th AIMAG Women"]
[Site "Incheon KOR"]
[Date "2013.07.02"]
[Round "4.6"]
[White "Bayarmaa,B"]
[Black "Medina,W"]
[Result "0-1"]
[WhiteElo "2055"]
[BlackElo "2286"]

1.d4 e6 2.c4 Nf6 3.Nf3 b6 4.g3 Ba6 5.Qa4 Bb7 6.Bg2 Be7 7.O-O O-O 8.Nc3 Ne4
9.Nxe4 Bxe4 10.Rd1 d6 11.Ne1 Bxg2 12.Kxg2 f5 13.Qb3 Nd7 14.c5 d5 15.Qe3 Rf6
16.b4 a5 17.c6 Nf8 18.b5 f4 19.gxf4 Bd6 20.Nd3 Ng6 21.Qh3 Bxf4 22.Nxf4 Rxf4
23.Qxe6+ Kh8 24.Qxg6 Rxf2+ 25.Kxf2 hxg6 26.Bf4 Qf6 27.Ke3 Re8+ 28.Be5 Rxe5+
29.dxe5 Qxe5+ 30.Kf3 Qc3+ 31.Kg2 Qb2 32.a4 Qxe2+ 33.Kg3 d4 34.Re1 Qc2 35.Kf4 Qxh2+
36.Ke4 Qf2 37.Kd5 g5 38.Ke6 d3 39.Rf1 Qd4 40.Kf7 Qd5+ 41.Kf8 Kh7 42.Ke8 g4
43.Rad1 Kg6 44.Rd2 Qd6 45.Rfd1 Kf6 46.Rf1+ Ke5 47.Rf7 Qg6 48.Kf8 Kd4 49.Rxc7 Qd6+
50.Re7 Qf4+ 51.Ke8 Qxd2 52.c7 Qc2 53.Kd8 d2 54.c8=Q Qxc8+ 55.Kxc8 g3 56.Rxg7 g2
57.Kb7 Ke5 58.Rg5+ Kf6 59.Rd5 g1=Q 60.Rxd2 Ke5 61.Rd7 Qg4 62.Rc7 Qxa4 63.Kxb6 Qb4
64.Kc6 a4 65.b6 a3 66.Ra7 Qc4+ 67.Kd7 Qd4+ 68.Kc6 a2 69.Ra5+ Ke6 70.b7 Qc3+
71.Rc5 a1=Q 72.Rxc3 Qxc3+ 73.Kb6 Qb4+ 74.Kc7 Qd6+ 75.Kc8 Qc6+ 76.Kb8 Kd7
77.Ka7 Qa4+ 78.Kb6 Qb4+  0-1

[Event "4th AIMAG Women"]
[Site "Incheon KOR"]
[Date "2013.07.02"]
[Round "5.13"]
[White "Taweesupmun,C"]
[Black "Lkhamsuren,U"]
[Result "1/2-1/2"]
[WhiteElo "1837"]
[BlackElo "2104"]

1.d4 Nf6 2.c4 e6 3.Nf3 b6 4.g3 Ba6 5.b3 b5 6.Qc2 bxc4 7.bxc4 Bb7 8.Bg2 c5
9.O-O cxd4 10.Nxd4 Bxg2 11.Kxg2 Qb6 12.Qb2 Qc7 13.Qb3 Na6 14.Na3 Rb8 15.Nab5 Qb7+
16.Qf3 Bc5 17.Bf4 Qxf3+ 18.Nxf3 Ra8 19.Nd6+ Ke7 20.Nb7 Nh5 21.Bg5+ f6 22.Nxc5 Nxc5
23.Be3 Rhc8 24.g4 Ne4 25.Rac1 g5 26.gxh5 f5 27.Nd2 Nf6 28.Kh1 h6 29.Bd4 Nxh5
30.c5 Nf4 31.Rfe1 Ng6 32.Nc4 h5 33.Ne5 Nf4 34.Nd3 Ng6 35.Rb1 h4 36.f3 e5
37.Bxe5 Nxe5 38.Nxe5 Rxc5 39.Nd3 Ra5 40.Rb2 Rg8 41.e4 f4 42.Rg1 Ra3 43.Nxf4 Rxf3
44.Nd5+ Ke6 45.Nc7+ Ke5 46.Rb5+ Kxe4 47.Rbxg5 Rxg5 48.Rxg5 h3 49.Kg1 Rc3
50.Nb5 Rc1+ 51.Kf2 Rc2+ 52.Kg1 Rc1+  1/2-1/2

[Event "41st TCh-GRE"]
[Site "Rio (Achaia) GRE"]
[Date "2013.07.03"]
[Round "2.3"]
[White "Balokas,D2"]
[Black "Panagiotakos,N"]
[Result "1/2-1/2"]
[WhiteElo "2095"]
[BlackElo "2191"]

1.d4 Nf6 2.c4 e6 3.Nf3 b6 4.g3 Ba6 5.Qa4 Bb7 6.Bg2 c5 7.dxc5 Bxc5 8.O-O O-O
9.Nc3 Nc6 10.Rd1 Qc8 11.Bg5 Be7 12.Nb5 Ne4 13.Bxe7 Nxe7 14.Qc2 Qc5 15.e3 d5
16.Ne5 Rfd8 17.Nd3 Qxc4 18.Qxc4 dxc4 19.Ne5 Bd5 20.Rac1 f6 21.Nc7 fxe5 22.Nxa8 Rxa8
23.Bxe4 Bxe4 24.Rd7 Nd5 25.Rxc4 Nf6 26.Rdc7 a5 27.Rc8+ Rxc8 28.Rxc8+ Kf7
29.Rb8 Nd7 30.Rd8 Ke7 31.Rg8 Kf7 32.Rd8 Nf6 33.Kf1 Ke7 34.Rb8 Nd5 35.Ke2 Bb1
36.a3 e4 37.Kd2 Bd3 38.f3 e5 39.Rb7+ Kf6 40.Rd7  1/2-1/2

[Event "Polugaevsky Mem 2013"]
[Site "Samara RUS"]
[Date "2013.07.03"]
[Round "2.8"]
[White "Sarana,A"]
[Black "Dvoirys,S"]
[Result "1/2-1/2"]
[WhiteElo "2223"]
[BlackElo "2538"]

1.d4 Nf6 2.c4 e6 3.Nf3 b6 4.g3 Ba6 5.Qc2 c5 6.d5 Qe7 7.Bg5 exd5 8.Nc3 Bxc4
9.b3 d4 10.Bxf6 gxf6 11.bxc4 dxc3 12.Qxc3 Nc6 13.Bh3 Bg7 14.Bf5 O-O 15.O-O Qxe2
16.Rfe1 Nd4 17.Nxd4 cxd4 18.Qxd4 Qh5 19.g4 Qh4 20.Re4 Rfe8 21.Rae1 Re5 22.Qxd7 Bf8
23.R1e3 Bc5 24.Rf3 Rf8 25.Kg2 Rxe4 26.Bxe4 Qg5 27.Bc2 Kg7 28.Qd3 Rh8 29.Qd7 Rf8
30.Bf5 a5 31.Be4 Qe5 32.Bd5 Qe7 33.Qf5 Qe5 34.Qxe5 fxe5 35.Rf5 f6 36.a4 Ba3
37.Kf3 h6 38.Ke4 Bc5 39.h4 Kg6 40.g5 hxg5 41.hxg5 Rh8  1/2-1/2

[Event "41st TCh-GRE"]
[Site "Rio (Achaia) GRE"]
[Date "2013.07.04"]
[Round "4.5"]
[White "Voiska,M"]
[Black "Pavlidou,E"]
[Result "1-0"]
[WhiteElo "2237"]
[BlackElo "2210"]

1.d4 Nf6 2.Nf3 e6 3.c4 b6 4.g3 Ba6 5.Qc2 Bb4+ 6.Bd2 Bxd2+ 7.Nbxd2 d5 8.cxd5 exd5
9.Rc1 c6 10.e3 Bxf1 11.Kxf1 Nfd7 12.Kg2 O-O 13.e4 a5 14.exd5 cxd5 15.Rhe1 Ra7
16.Ne5 Nxe5 17.Rxe5 Rd7 18.Nf3 Rd6 19.Re3 Nc6 20.Rc3 Nb4 21.Qb3 Qd7 22.a3 Na6
23.Qc2 f6 24.Qe2 Nb8 25.Rc7 Qe8 26.Re7 Qg6 27.Nh4 Qh6 28.Nf5 Qxc1 29.Rxg7+ Kh8
30.Rxh7+ Kxh7 31.Qh5+  1-0